LEADER 00995nam a2200277 i 4500 001 000000136525 003 CaOOAMICUS 005 20050329000000.0 008 050329s1987 it u000 u ita u 013 $a110227 020 $a88-18-06025-2 040 $aSeMil$bita 100 1 $aAltomonte, Antonio.$0(OLS)http://semarc/name/41371 245 12$aI cani tiranni :$bromanzo /$cAntonio Altomonte. 260 $aMilano :$bRusconi,$c1987. 300 $a302 p. ;$c22 cm. 490 0 $aNarrativa Rusconi 500 $aFondo Card. C.M. Martini. 830 0$aNarrativa Rusconi.$0(OLS)http://semarc/title/7305 850 $aSeMil 852 $aSeMil$W1$xVenegono$y1$m1O VI 103$j90119$B90119$CSeMilBibl$Z2$F94977 $81 941 1 $a4 961 $aOmaggio: Martini Card. Carlo Maria 996 $6020$a88-18-06025-2$9(OLS)http://semarc/number/124032 996 $6245$aI cani tiranni :$bromanzo$9(OLS)http://semarc/title/199467 996 $6260$aMilano :$bRusconi$9(OLS)http://semarc/publisher/30258 LEADER 01214nam a2200277 i 4500 001 000000118171 003 CaOOAMICUS 005 20030923000000.0 008 030923n it u000 u ita u 013 $a90864 040 $aSeMil$bita 100 1 $aReul, Augusto.$0(OLS)http://semarc/name/49315 245 10$aBanneux :$bla Vergine dei poveri /$cAugusto Reul ; traduzione in italiano a cura di Marcella Petrei, Jacqueline Picciotto, padre Luigi Testa. 260 $aCité du Vatican :$b[s.n.],$c[1998] 300 $a79 p. :$briccamente ill. ;$c21 cm. 500 $aFondo Card. C.M. Martini. 650 4$aMadonna - Apparizioni - Banneux .$0(OLS)http://semarc/subject/21982 700 1 $aTesta, Luigi.$0(OLS)http://semarc/name/49318 700 1 $aPicciotto, Jacqueline.$0(OLS)http://semarc/name/49317 700 1 $aPetrei, Marcella.$0(OLS)http://semarc/name/49316 850 $aSeMil 852 $aSeMil$W1$xVenegono$y1$m2L I 89$j73492$B73492$CSeMilBibl$Z2$F102978 $81 941 1 $a4 961 $aOmaggio: Martini Card. Carlo Maria 996 $6245$aBanneux :$bla Vergine dei poveri$9(OLS)http://semarc/title/173578 996 $6260$aCité du Vatican :$b[s.n.]$9(OLS)http://semarc/publisher/31092